Кладка доменных печей и кауперов (Запись № 6905333)

Подробности
000 -МАРКЕР
контрольное поле 01823nam0a22003131 4500
001 - ИДЕНТИФИКАТОР ЗАПИСИ
контрольное поле rc\2739616
005 - ИДЕНТИФИКАТОР ВЕРСИИ
контрольное поле 20250529140752.0
035 ## - ДРУГИЕ СИСТЕМНЫЕ НОМЕРА
Идентификатор записи (NLR Aleph) 006866810
100 ## - ДАННЫЕ ОБЩЕЙ ОБРАБОТКИ
Данные общей обработки 20110915d1937 |||y0rusy50 ca
101 0# - ЯЗЫК РЕСУРСА
Язык текста, звукозаписи и т.д. русский
102 ## - СТРАНА ПУБЛИКАЦИИ ИЛИ ПРОИЗВОДСТВА
Страна публикации Российская Федерация
105 ## - ПОЛЕ КОДИРОВАННЫХ ДАННЫХ: ТЕКСТОВЫЕ МАТЕРИАЛЫ, МОНОГРАФИЧЕСКИЕ
Кодированные данные о монографическом текстовом документе a z |||||
200 1# - ЗАГЛАВИЕ И СВЕДЕНИЯ ОБ ОТВЕТСТВЕННОСТИ
Основное заглавие Кладка доменных печей и кауперов
Сведения, относящиеся к заглавию Производство кладки, организация, механизация и технические условия на материалы
Первые сведения об ответственности А. Т. Деревянко, А. С. Гальперин, М. М. Григорович, С. А. Александров
Последующие сведения об ответственности Под ред. [и с предисл.] проф. А. И. Неровецкого
-- НКТП СССР. Главстройпром. Южмонтажстрой. Укр. комплекс. науч.-иссл. ин-т сооружений
210 ## - ПУБЛИКАЦИЯ, РАСПРОСТРАНЕНИЕ И ДР.
Место издания, распространения и т.д. Х.
-- Киев
Имя издателя, распространителя и т. д. Гос. науч.-техн. изд-во
Дата издания, распространения и т.д. 1937
Место изготовления Киев
Имя изготовителя тип. изд-ва
215 ## - ФИЗИЧЕСКАЯ ХАРАКТЕРИСТИКА
Специфическое обозначение материала и объем Обл., 152 с., [4] с., 5 вкл. л. черт.
Другие сведения о физической характеристике ил.
Размеры 24,5х17 см.
300 ## - ОБЩИЕ ПРИМЕЧАНИЯ
Текст примечания Перед загл.: А. Т. Деревянко, А. С. Гальперин, М. М. Григорович, С. А. Александров
320 ## - ПРИМЕЧАНИЯ О НАЛИЧИИ В ДОКУМЕНТЕ БИБЛИОГРАФИИ / УКАЗАТЕЛЯ
Текст примечания Библиогр.: "Список использ. лит-ры" (с. 151-52)
702 #1 - ИМЯ ЛИЦА - ВТОРИЧНАЯ ОТВЕТСТВЕННОСТЬ
Начальный элемент ввода Гальперин
Часть имени, кроме начального элемента ввода А.С.
Код отношения Прочие
702 #1 - ИМЯ ЛИЦА - ВТОРИЧНАЯ ОТВЕТСТВЕННОСТЬ
Начальный элемент ввода Григорович
Часть имени, кроме начального элемента ввода М.М.
Код отношения Прочие
702 #1 - ИМЯ ЛИЦА - ВТОРИЧНАЯ ОТВЕТСТВЕННОСТЬ
Код отношения Прочие
Графика поля Кириллица
Материалы, к которым относится поле rus
Начальный элемент ввода Александров
Часть имени, кроме начального элемента ввода С. А.
Дополнения к именам, кроме дат специалист по стр-ву
Расширение инициалов личного имени Сергей Александрович
Системный номер авторитетной/нормативной записи 268586
Идентификатор авторитетной/нормативной записи RU\NLR\AUTH\770268642
702 #1 - ИМЯ ЛИЦА - ВТОРИЧНАЯ ОТВЕТСТВЕННОСТЬ
Начальный элемент ввода Деревянко
Часть имени, кроме начального элемента ввода А.Т.
Код отношения Прочие
702 #1 - ИМЯ ЛИЦА - ВТОРИЧНАЯ ОТВЕТСТВЕННОСТЬ
Начальный элемент ввода Неровецкий
Часть имени, кроме начального элемента ввода А.И.
Код отношения Редактор
801 #0 - ИСТОЧНИК ЗАПИСИ
Страна Российская Федерация
Организация NLR
Правила каталогизации psbo
801 #1 - ИСТОЧНИК ЗАПИСИ
Страна Российская Федерация
Организация ELAR
Источник данных rusmarc
852 ## - МЕСТОНАХОЖДЕНИЕ И ШИФР ХРАНЕНИЯ
Идентификатор организации NLR
Шифр хранения (Call Number) 37-5/468
942 ## - ДОПОЛНИТЕЛЬНЫЕ ЭЛЕМЕНТЫ ЗАПИСИ (АБИС)
Тип экземпляра АБИС Книга
980 ## - КОЛЛЕКЦИЯ
Название коллекции Национальная библиография
Экземпляры
Тип экземпляра Дата поступления Библиотека постоянного хранения Библиотека текущего хранения Место хранения Шифр хранения Штрих-код Статус экземпляра
Книга 26.10.2013 РНБ (Садовая) РНБ (Садовая) Русский книжный фонд -Главное здание, Ленинский читальный зал 37-5/468 6866810-10